Statistics for Who Drafted Me-2024 (First Round)

Click here to take the quiz!

General Stats

  • This quiz has been taken 4 times
  • The average score is 19 of 32

Answer Stats

Answer% Correct
Bears
100%
Bears
100%
Broncos
100%
Cardinals
100%
Chargers
100%
Commanders
100%
Eagles
100%
Falcons
100%
Giants
100%
Jaguars
100%
Patriots
100%
Raiders
100%
Vikings
100%
49ers
50%
Cardinals
50%
Chiefs
50%
Colts
50%
Cowboys
50%
Dolphins
50%
Lions
50%
Packers
50%
Panthers
50%
Rams
50%
Steelers
50%
Titans
50%
Bengals
0%
Buccaneers
0%
Jets
0%
Ravens
0%
Saints
0%
Seahawks
0%
Vikings
0%

Score Distribution

Percentile by Number Answered

Percent of People with Each Score

Your Score History

You have not taken this quiz